000
00284nam a22001217a 4500
008
170612b xxu||||| |||| 00| 0 eng d
041
_a
eng
080
_a
323
100
_a
19
101
_a
shp
245
_a
THE OTHER WORLD ISSUES AND POLITICS
_c
WEATHERBY.J.N
942
_2
udc
_c
BK
999
_c
16923
_d
16923